| 000 | 01908nam a2200217Ia 4500 | ||
|---|---|---|---|
| 999 |
_c16497 _d16497 |
||
| 003 | OSt | ||
| 005 | 20210902132638.0 | ||
| 008 | 160316s2000 xxu||||| |||| 00| 0 eng d | ||
| 020 | _a9788526807013 | ||
| 040 | _cn | ||
| 082 |
_a338.900000 _bKIM |
||
| 100 | _aKim Linsu | ||
| 245 | _aTechnology, learning and innovation : Experiences of newly industrializing economics | ||
| 260 |
_aCambridge _bCambridge University Press _c2000 |
||
| 300 |
_a377p _cix |
||
| 365 | _bRs.695 | ||
| 505 | _aContents: Technological change and industrialization in Asia's newly industrializing economies: achievements and challenges / Sanjaya Lall; Research and development in the industrial development process / Howard Pack; Business skills and economic development: implications for economies of recent industrialization / David J. Teece; The innovation systems of East and Southeast Asia: comparison between the growth of the electronic sector promoted by the FEO system and the ETNS / Michael Hobday; Technological learning and the entry of companies using capital goods in South Korea / KongRae Lee; International Technological Collaboration: Its Consequences for Newly Industrializing Economies / Geert Duysters and John Hagedoorn; Policies for Science, Technology and Innovation in Newly Industrializing Asian Economies / Mark Dodgson; The Role of Science and Technology Policy in Industrial Development from South Korea / Won-Young Lee; The dynamics of technological learning in the import substitution period and recent structural changes in the industrial sector in Argentina, Brazil and Mexico / Jorge Katz; The national innovation system Korean in transition / Linsu Kim | ||
| 650 | _a1. Technological Innovation - Economic Development2. Technological Innovation - Developing Countries 3. Technological Innovation - Status - Developing Countries | ||
| 700 |
_aNelson Richard R _a |
||
| 942 |
_2ddc _cBK |
||